00435 2200169 4500001002100000005001500021008004100036035001900077041000700096082000800103090001400111100002400125245002600149260002100175300001800196650005100214INLIS00000000001288620241224114441241224||||||||| | ||| |||| || |  0010-1224012886 aid0 a398 a398 SAM h0 aSamson Rambah Pasir00aHikayat Buah Gedumbar bAzka Pressc2001 a68hlm;18x23cm 0aAdat Adat istiadat & Kebiasaan ,Etiket Folklor